| 000 | 00853nam a2200229Ii 4500 | ||
|---|---|---|---|
| 003 | JO-AjNU | ||
| 008 | 230605s9999||||xx |||||||||||||| ||und|| | ||
| 017 | _a2008/1/74 | ||
| 020 | _a978-9957-24-384-7 | ||
| 040 |
_aJO-AjNU _bara _erda _cJO-AjNU |
||
| 041 | _aara | ||
| 050 | 1 | 4 | _aBF575.S75.U22.2008 |
| 100 | 3 |
_aعبيد،ماجدة بهاء الدين السيد, _eauthor _930960 |
|
| 245 | 0 | 0 | _aالضغط النفسي ومشكلاته وأثره على الصحة النفسية |
| 250 | _aط1 | ||
| 264 | 3 | 1 | _aعمان:دار صفاء للنشر والتوزيع ،2008 |
| 300 | _a444ص | ||
| 336 |
_atext _btxt _2rdacontent |
||
| 337 |
_aunmediated _bn _2rdamedia |
||
| 338 |
_avolume _bnc _2rdacarrier |
||
| 650 | 4 |
_aالضغط النفسي-الصحة النفسية-سيكولوجية الشخصية-المشكلات النفسية _930961 |
|
| 999 |
_aA12331 _c15899 _d15899 |
||